Movies Quiz

Random Movies Quiz

Name That Movie: No Actors Quiz Stats

 Plays Quiz not verified by Sporcle

Score 0/30 Timer 10:00
0 Plays Today
% Correct
Harry Potter and the Deathly Hallows: Part 2
82.6%
Jaws
80.3%
Cast Away
74.9%
The Avengers
72.4%
Casablanca
72.3%
Star Wars: Episode IV- A New Hope
71.6%
Jurassic Park
70.5%
The Shining
69.3%
2001: A Space Odyssey
66.6%
Apocalypse Now
64.9%
Psycho
62.4%
Halloween
55.7%
The Hunger Games
46.9%
Mad Max: Fury Road
46.8%
The Exorcist
45.9%
% Correct
The Poseidon Adventure
45.6%
An American Werewolf in London
44.7%
Alien
41.5%
Sunset Boulevard
38.5%
Arrival
35.4%
The Evil Dead
29.9%
The Big Lebowski
29.9%
Annihilation
28.7%
A Trip to the Moon (Le Voyage dans la Lune)
28%
The Good, the Bad, and the Ugly
27.6%
Rosemary's Baby
22.7%
Crimson Peak
20.9%
The Silence of the Lambs
18.5%
Bram Stoker's Dracula
15%
The Addams Family
11.2%

You're not logged in!

Compare scores with friends on all Sporcle quizzes.
OR
Log In

Show Comments

Extras

Top Quizzes Today


Score Distribution

Your Account Isn't Verified!

In order to create a playlist on Sporcle, you need to verify the email address you used during registration. Go to your Sporcle Settings to finish the process.

Report this User

Report this user for behavior that violates our Community Guidelines.

Details: